000 00257nam a2200097Ia 4500
001 1076111
005 20250827002251.0
008 250824s9999 xx 000 0 und d
245 0 _aİNSANIN ACAYİP KISA TARİHİ
_cGÜRAY SÜRGÜ
260 _bKETEBE YAYINLARI
999 _c1076111
_d1076111